| 000 | 01059nab a2200229 i 4500 | ||
|---|---|---|---|
| 001 | 768714001 | ||
| 003 | CO-MdFUSB | ||
| 005 | 20240611155240.0 | ||
| 008 | 240611t1972 ck ||||| |||| 00| 0 spa d | ||
| 040 |
_bspa _cCO-MdFUSB _dCO-MdFUSB |
||
| 041 | _aspa | ||
| 100 |
_aVekemans, Roger, _eautor |
||
| 245 |
_aAntecedentes para el estudio de la "teología de la liberación" _c/ Roger Vekemans |
||
| 520 | _aLas siguientes notas son una guía, algunas entradas bibliográficas para lectores potenciales que no sospechan de la naturaleza selvática del territorio intelectual explorado, sobre la teología de la liberación y la teoría de la revolución. | ||
| 650 | 7 |
_aTeología de la liberación _9449 |
|
| 650 | 0 |
_aRevolución (Teología) _91190 |
|
| 650 | 0 |
_aProtestantismo _9947 |
|
| 650 | 7 |
_aReligiones _9386 |
|
| 773 | 0 |
_070111 _982740 _dBogotá, Colombia : _oR2615 _tEcclesiastica Xaveriana _w(CO-MdFUSB)768714001 _gVolumen 22, (número 1, 1972) páginas: 185 - 210 _qpágina: 185 |
|
| 942 | _cANA | ||
| 945 | _aCatherine Arias Álvarez - Practicante SENA | ||
| 999 |
_c70122 _d70122 |
||